| 000 | 00581nam a22001817a 4500 | ||
|---|---|---|---|
| 005 | 20251108164046.0 | ||
| 008 | 250721s1990 xx 000 0 ara d | ||
| 082 | 1 | 4 | _a210.7/خطي |
| 100 | 1 | _aالخطيب، إبراهيم ياسين | |
| 245 | 1 | 0 | _aمفاهيم أساسية في التربية الإسلامية و الإجتماعية / |
| 264 | 1 |
_aعمان : _bالأهلية، _c1990. |
|
| 300 | _a216ص. | ||
| 650 | 1 | 7 | _aالإسلام |
| 650 | 1 | 7 | _aالتربية الإسلامية |
| 700 | 1 | _aالزبادي، أحمد محمد | |
| 942 |
_2ddc _cBK |
||
| 999 |
_c2550 _d2550 |
||